Country Tripoints that are further East or West than their 3 corresponding Capitals - Statistics

General Stats
  • This quiz has been taken 26 times
  • The average score is 32 of 39
Answer Stats
ANSWER % Correct
Russia
100%
Russia (E)
100%
CAR
96%
China
96%
China
96%
China
96%
DR Congo
96%
DR Congo
96%
Mongolia
96%
North Korea
96%
Rep. of Congo
96%
Rep. of Congo
96%
Angola
91%
Afghanistan
87%
Algeria
87%
Kazakhstan
87%
Mali
87%
Niger
87%
Tajikistan
87%
Thailand
87%
Turkmenistan
87%
Uzbekistan
87%
Uzbekistan
87%
Cambodia
83%
Cambodia
83%
Laos
83%
Laos
83%
Laos
83%
Vietnam
83%
Vietnam
83%
Kosovo
65%
Macedonia
65%
Serbia
65%
Botswana
57%
Zambia
57%
Zimbabwe
57%
Guinea
35%
Liberia
35%
Sierra Leone
30%
No matching quizzes found
Score Distribution
Percent of People with Each Score
Percentile by Number Answered
Your Score History
You have not taken this quiz